000 00453nam a2200169 a 4500
005 20140412111302.0
008 060117s19uu xx 00 eng d
020 _a1-86136-050-9
050 _aER
_bPu96 1997
100 _aKeay Kenneth
245 _aPuss in boots /
_cKenneth Keay.
260 _bAnker International,
_c1997.
300 _a1 v. (unp.) ; ill.
440 _aA Tale from the land of nod
650 _aChildren stories
999 _c103482
_d103482